[Event "GCT Saint Louis Rapid 2019"]
[Site "Saint Louis"]
[Date "2019.08.12"]
[Round "7.4"]
[White "Ding, Liren"]
[Black "Karjakin, Sergey"]
[Result "1/2-1/2"]
[WhiteElo "2812"]
[BlackElo "2748"]
[Annotator "TA"]
[PlyCount "143"]
[EventDate "2019.08.10"]
[EventType "tourn"]
[EventCountry "USA"]
[SourceTitle "playchess.com"]
[Source "ChessBase"]
[SourceQuality "1"]

{[%evp 13,143,17,13,4,10,-15,-15,-9,-5,-13,0,0,0,0,0,-35,-12,-29,-12,-24,-8,-26,0,18,12,9,0,5,140,149,138,95,98,90,96,87,90,85,85,83,83,83,89,89,102,101,105,101,101,104,106,109,128,130,135,130,158,158,150,138,139,141,220,200,222,222,222,222,222,222,221,221,268,241,249,90,221,0,249,221,221,221,221,221,221,0,188,0,185,79,91,8,8,8,15,8,41,8,41,23,120,120,135,143,137,148,145,129,113,110,123,103,117,0,0,0,12,12,12,12,12,12,12,12,12,12,12,12,12,8,8,8]} 1. c4 Nf6 2. Nf3 e6 3. g3 d5 4. Bg2 dxc4 5. Qa4+ Nbd7 6. Qxc4 a6 7. Qb3 Rb8 8. d4 {A13: English Opening: 1...e6} b5 9. Ne5 Nxe5 10. dxe5 Nd7 11. O-O Nxe5 (11... c5 12. a4 Be7 13. axb5 O-O 14. Rd1 Qc7 15. Nc3 axb5 16. Nxb5 {½-½ (40) Navara,D (2739)-Karjakin,S (2753) Shamkir 2019}) 12. Rd1 Bd6 13. Bf4 {Black must now prevent Bxe5.} Qe7 $146 ({Predecessor:} 13... Qf6 14. Nc3 O-O 15. Ne4 Qe7 16. Nxd6 cxd6 {½-½ (24) Greenfeld,A (2521)-Mikhalevski,A (2423) Israel 2018}) 14. Bxe5 Bxe5 15. Bc6+ Kf8 16. Nd2 g6 17. Qe3 Bf6 18. Ne4 $40 {[%mdl 128] White is up to no good.} Rb6 $1 {[%cal Rb6c6]} 19. Nxf6 Qxf6 20. Qh6+ Kg8 (20... Ke7 $1 $11 21. Rac1 g5) 21. Rac1 $16 e5 22. Bd7 Bxd7 23. Rxd7 g5 24. Qxf6 Rxf6 25. Rcxc7 {[%mdl 4096] Endgame KRR-KRR} Kg7 26. Re7 Rd8 27. Rxe5 h6 28. Rc2 Rd4 29. b3 Rd1+ 30. Kg2 Rfd6 31. Rec5 R1d2 32. Kf3 f6 33. Ke3 Rxc2 34. Rxc2 {KR-KR} h5 35. Rc5 Kg6 36. a4 bxa4 37. bxa4 Rd1 (37... Re6+ $16 38. Kd2 Rd6+ 39. Kc2 Rd4) 38. Kf3 g4+ 39. Kg2 $1 Rd4 40. Ra5 Rd6 41. e3 Rc6 42. h3 Kh6 43. Rd5 Kg6 44. Rd4 $2 (44. a5 $18) 44... Kg5 (44... gxh3+ $16 45. Kxh3 Rc2) 45. Rd5+ Kg6 46. h4 Rc4 47. Ra5 Rc6 48. Kf1 Rb6 49. Kg2 Rc6 50. Rd5 Rc4 {[#]} 51. Rd4 (51. a5 $1 $18 {is the precise move to win.}) 51... Rc5 52. Kf1 (52. e4 $16) 52... Rc1+ $11 53. Ke2 {Threatens to win with Rd6.} Rc2+ 54. Ke1 {aiming for Rd6.} Ra2 55. Rf4 Kg7 56. Rf5 Rxa4 (56... Ra1+ $1 $11 {keeps the balance.} 57. Ke2 Ra2+ 58. Kf1 Rxa4) 57. Rxh5 $16 Ra1+ 58. Ke2 Ra2+ {[#]} 59. Kf1 $1 Ra1+ 60. Kg2 Ra4 61. Rf5 Kg6 62. Rc5 a5 63. h5+ (63. Rd5 $16) 63... Kh6 $11 {The position is equal.} 64. Rf5 Ra2 65. Rxf6+ Kxh5 66. Rf5+ Kg6 67. Rf4 Kg5 68. e4 a4 69. e5 {And now Re4 would win.} Re2 {Hoping for ...a3.} 70. Rxa4 Rxe5 71. f4+ gxf3+ $1 72. Kxf3 {Accuracy: White = 60%, Black = 61%.} 1/2-1/2

[Event "GCT Saint Louis Rapid 2019"]
[Site "Saint Louis"]
[Date "2019.08.12"]
[Round "7.5"]
[White "Dominguez Perez, Leinier"]
[Black "Yu, Yangyi"]
[Result "0-1"]
[WhiteElo "2760"]
[BlackElo "2736"]
[Annotator "TA"]
[PlyCount "116"]
[EventDate "2019.08.10"]
[EventType "tourn"]
[EventCountry "USA"]
[SourceTitle "playchess.com"]
[Source "ChessBase"]
[SourceQuality "1"]

{[%evp 17,116,36,26,16,20,31,23,22,26,27,28,29,35,7,8,12,16,0,43,43,47,37,39,0,0,0,0,0,0,0,0,0,46,47,71,27,18,6,14,0,8,-12,-20,-30,-27,-38,-35,-41,-16,-65,-38,-164,-160,-181,-163,-193,-189,-183,-184,-335,-208,-321,-249,-255,-256,-254,-239,-225,-189,-164,-89,-203,-200,-190,-201,-266,-261,-266,-237,-535,-496,-587,-539,-1030,-1064,-980,-956,-745,-733,-1654,-1327,-6103,-6039,-5732,-5114,-5505,-2454,-29972,-29974,-29985,-29986]} 1. e4 c5 2. Nf3 Nc6 3. d4 cxd4 4. Nxd4 Nf6 5. Nc3 d6 6. Bg5 Bd7 7. f3 e6 8. Qd2 a6 9. O-O-O Be7 10. Be3 {B67: Sicilian: Richter-Rauzer: 7...a6 8 0-0-0 Bd7, lines without 9 f4 Be7} h5 (10... Rc8 11. Nxc6 Bxc6 12. Kb1 O-O 13. g4 Nd7 14. g5 b5 15. a3 Qc7 16. h4 Bb7 17. h5 Ne5 {½-½ (138) Jakovenko,D (2735)-Alekseenko,K (2638) St Petersburg 2018}) 11. Kb1 Qc7 12. Nxc6 {White has an edge.} Bxc6 13. Bg5 Rd8 $146 ({Predecessor:} 13... O-O 14. Bd3 Rfd8 15. g4 hxg4 16. fxg4 d5 17. e5 Ne4 18. Bxe4 dxe4 19. Qe3 Bxg5 20. Qxg5 b5 21. Qf4 f6 22. Rxd8+ Rxd8 23. Re1 Qxe5 24. Qxe5 fxe5 {½-½ (24) Klauner,T (2483)-Sochor,F (2438) ICCF email 2010}) 14. Ne2 h4 15. Qe1 d5 16. e5 Ng8 17. Bf4 Bb5 18. Nd4 Bxf1 19. Rxf1 Rc8 20. Qd2 Bc5 21. c3 Ne7 22. Rfe1 b5 23. g4 hxg3 24. hxg3 Ng6 25. Be3 Qb7 26. f4 b4 27. Rc1 {With the idea cxb4.} Ne7 28. Qe2 Bxd4 29. cxd4 Kd7 30. g4 Qb5 31. Qxb5+ axb5 32. Rxc8 Kxc8 $11 {[%mdl 4096] Endgame KRB-KRN} 33. Kc2 Rh2+ 34. Kb3 {[#]} (34. Kd3 $1 $15) 34... Nc6 $1 $19 35. f5 Kb7 36. fxe6 fxe6 37. a3 bxa3 38. Kxa3 $2 {[#]} (38. bxa3 Ka6 39. Kc3) 38... Kb6 39. Kb3 (39. b4 {was forced.}) 39... Rh3 40. Kc3 b4+ 41. Kd3 Rh2 42. Re2 Rh1 43. Rf2 Rd1+ ({Better is} 43... Na5 $19 44. Rf3 Rh2) 44. Kc2 (44. Rd2 $17 Rh1 45. Rf2) 44... Rg1 45. g5 Rg3 46. Re2 Kb5 47. b3 Ne7 48. Kb2 $2 (48. Bf2 {was called for.} Rg2 49. Kd3) 48... Nf5 49. Bf2 Rxg5 50. Rc2 Rg2 51. Kc1 g5 52. Kd1 g4 53. Rc5+ Kb6 54. Be1 Nxd4 55. Rc8 Rg1 56. Re8 Kc6 (56... Nf3 $142 57. Rxe6+ Kc5) 57. Re7 g3 58. Rf7 g2 {Accuracy: White = 32%, Black = 57%.} 0-1

[Event "GCT Saint Louis Rapid 2019"]
[Site "Saint Louis"]
[Date "2019.08.12"]
[Round "8.1"]
[White "Karjakin, Sergey"]
[Black "Carlsen, Magnus"]
[Result "1-0"]
[WhiteElo "2748"]
[BlackElo "2872"]
[Annotator "TA"]
[PlyCount "105"]
[EventDate "2019.08.10"]
[EventType "tourn"]
[EventCountry "USA"]
[SourceTitle "playchess.com"]
[Source "ChessBase"]
[SourceQuality "1"]

{[%evp 10,105,17,28,31,26,40,29,38,32,64,58,77,63,96,65,104,82,90,80,90,58,87,16,97,27,34,41,87,65,64,62,62,60,69,56,60,47,60,77,98,74,78,66,72,70,77,64,147,135,136,29,206,208,172,81,66,69,158,157,203,207,219,218,246,223,214,222,491,490,490,473,564,440,634,629,592,594,584,564,577,564,753,753,743,744,713,695,804,795,718,621,5509,5501,4133,767,845,860]} 1. d4 Nf6 2. c4 e6 3. Nf3 Bb4+ 4. Nbd2 O-O 5. a3 Be7 6. e4 d6 {E11: Bogo-Indian} 7. Be2 Nbd7 8. Qc2 c5 {White has an edge.} 9. d5 e5 10. Nf1 a6 11. Ng3 $146 ({Predecessor:} 11. Bd2 Nh5 12. g3 g6 13. Ne3 Ng7 14. Bd3 {½-½ (35) Ding,L (2774)-Carlsen,M (2837) Saint Louis 2017}) 11... g6 12. O-O Ne8 13. b4 Ng7 14. Bh6 b6 15. Rab1 a5 16. h3 (16. bxa5 $16 Rxa5 17. Rb3) 16... Kh8 (16... axb4 $11 17. axb4 cxb4) 17. Rb2 (17. bxa5 $16 Rxa5 18. Rb3) 17... axb4 $11 18. axb4 Nf6 19. bxc5 bxc5 20. Rfb1 Ng8 21. Bd2 f5 22. Rb8 Rxb8 23. Rxb8 f4 24. Nf1 g5 25. Qa4 h6 26. Ba5 Qd7 27. Qc6 Nf6 28. N1d2 Qxc6 (28... Ne6 $1 $14) 29. dxc6 $16 Ne6 30. Ra8 ({White should try} 30. Nb1 $16) 30... Bd8 $2 (30... h5 $11 {and Black stays safe.}) 31. Bxd8 $18 ({And not} 31. Rxc8 Bxa5 32. Rxf8+ Nxf8 $15) 31... Rxd8 32. Bd1 (32. Nb1 $1 $18 {and White stays clearly on top.}) 32... Nc7 $16 33. Ra7 Nfe8 (33... Nce8 $1 $14) 34. Nh2 $1 Be6 {[#]} 35. Bh5 $1 Rc8 36. Ng4 Bxg4 37. Bxg4 Ra8 {[#]} 38. Rb7 $1 Kg7 $2 (38... Na6 39. Kf1 Rb8) 39. Bd7 {White is clearly winning.} Kf6 40. Nb1 Na6 41. Nc3 Nec7 (41... Nac7 $142 42. Bxe8 Nxe8 43. Nd5+ Kg6) 42. Nb5 $18 Ne6 43. Bxe6 Kxe6 {[%mdl 4096] Endgame KRN-KRN} 44. Na7 h5 45. f3 g4 46. hxg4 hxg4 47. fxg4 Rg8 48. Kf2 Rxg4 49. Rb6 Nc7 50. Nb5 Rg7 {[#]} 51. Rb7 $1 {[%mdl 512]} Ne8 52. Rb8 (52. Nc3 $142 Kf6 53. Nd5+ Kg6 54. Rxg7+ Kxg7 55. c7 Nxc7 56. Nxc7) 52... Nc7 53. Rd8 {Accuracy: White = 49%, Black = 29%.} 1-0

[Event "GCT Saint Louis Rapid 2019"]
[Site "Saint Louis"]
[Date "2019.08.12"]
[Round "8.2"]
[White "Rapport, Richard"]
[Black "Aronian, Levon"]
[Result "1-0"]
[WhiteElo "2735"]
[BlackElo "2756"]
[Annotator "TA"]
[PlyCount "177"]
[EventDate "2019.08.10"]
[EventType "tourn"]
[EventCountry "USA"]
[SourceTitle "playchess.com"]
[Source "ChessBase"]
[SourceQuality "1"]

{[%evp 9,177,12,0,8,12,5,56,22,22,12,20,10,16,8,21,8,32,35,21,21,31,29,56,51,49,50,82,51,67,22,26,7,12,7,4,6,21,11,11,0,0,0,0,0,47,48,50,0,0,0,45,8,87,43,80,77,95,94,95,87,83,74,158,158,261,223,240,232,606,598,528,528,660,660,660,660,660,659,640,555,464,464,464,464,1031,1027,1031,1023,1020,1100,934,924,692,685,685,685,685,622,568,400,12800,5608,6191,5808,6693,4702,29965,29967,29966,29968,29967,5085,29971,29972,29970,29973,29976,29973,29973,29974,29974,29975,29975,29976,29976,29977,29976,29977,29978,29979,29977,29979,29979,29980,29980,29981,29981,29981,29981,29982,29982,29982,29982,29981,29980,29981,29981,29982,29984,29981,29984,29980,29982,29982,29982,29983,29983,29984,29984,29985,29985,29986,29986,29987,29987,29988,29989,29990,29990,29991]} 1. e4 e5 2. Bc4 Nf6 3. d3 Nc6 4. Nc3 Na5 5. Bb3 Bb4 (5... Nxb3 6. axb3 d5 7. Nf3 dxe4 8. dxe4 Qxd1+ 9. Kxd1 Bd6 10. Bg5 Nd7 11. Ke2 a6 12. Rhd1 Rb8 13. Nd2 b5 14. Nf1 Nc5 {1-0 (38) Rapport,R (2738)-Laznicka,V (2670) Prague 2019}) 6. Nf3 {C28: Vienna Game: 2...Nf6 3 Bc4 Nc6} Nxb3 7. axb3 d5 ({Black should play} 7... d6 $11) 8. exd5 {White is slightly better.} Nxd5 9. Bd2 Nxc3 10. Bxc3 Bxc3+ 11. bxc3 O-O 12. O-O Re8 13. Re1 f6 14. d4 {[%cal Rd4e5]} Bg4 15. h3 Bxf3 $146 ({Predecessor:} 15... Bh5 16. dxe5 Qxd1 17. Raxd1 Bxf3 18. gxf3 fxe5 19. Rd5 Kf7 20. Rdxe5 Rxe5 21. Rxe5 a5 22. c4 {½-½ (22) Gorsek,G (1748)-Kozarski,F ICCF email 2005}) 16. Qxf3 c6 17. dxe5 fxe5 18. Qe3 a5 19. Ra4 b5 20. Ra3 e4 21. Rea1 h6 22. c4 bxc4 23. b4 a4 $1 24. Qc3 Qd5 25. Rxa4 Rxa4 26. Rxa4 $11 {[%mdl 4096] Endgame KQR-KQR} Qd1+ (26... e3 $5 27. fxe3 Qd1+ 28. Kh2 Qd6+ 29. Kh1 Qd1+ 30. Kh2 Qd6+ 31. Kg1 Qd1+ 32. Kh2 $11) 27. Kh2 Qd6+ 28. Kg1 Qd1+ 29. Kh2 Qd6+ 30. g3 Qf6 (30... e3 $11 31. Ra7 (31. Qxc4+ Kh7 $19) (31. fxe3 Qd1 $11) 31... Qf6 32. Qxf6 (32. Qxc4+ Kf8 $11) 32... gxf6 33. fxe3 Rxe3) 31. Qxc4+ $40 {[%mdl 128] White mounts an attack.} Kh8 32. Qe2 $1 e3 {[#]} 33. Ra3 $1 ({Of course not} 33. fxe3 $6 Qc3 $11) 33... Qxf2+ 34. Qxf2 exf2 $16 {KR-KR} 35. Kg2 Rf8 (35... Re4 $142) 36. Kf1 h5 (36... Kg8 $16 37. Ra6 Rf6) 37. Ra5 $18 g6 38. Ra6 c5 $2 (38... h4) 39. b5 {[%cal Bb4b5,Bb5b6,Bb6b7][%mdl 32]} Kg7 40. Rc6 Rf5 41. b6 h4 42. g4 Rd5 43. b7 Rd1+ 44. Kxf2 Rb1 45. Rc7+ Kf6 46. Ke3 Ke6 (46... Ke5 $142 47. Rxc5+ Kd6) 47. Kf4 Kf6 48. Rc6+ Kf7 49. Kg5 Rxb7 50. Rxc5 Re7 51. Kxh4 Kf6 52. Rc6+ Kg7 53. Kg5 Re5+ 54. Kf4 Re1 (54... Rd5 $142 55. h4 Rd4+ 56. Kg3 Rd5 57. Rc7+ Kf6 58. g5+ Kf5 59. Rf7+ Ke6 60. Rf6+ Ke7 61. Rxg6 Kf8) 55. h4 Rd1 56. c4 Re1 57. Rd6 Rc1 58. Kg5 Rxc4 59. Rxg6+ Kh7 60. Rf6 (60. Rd6 $142 Rc1 61. Rd7+ Kg8 62. Kh5 Rc4 63. g5 Ra4 64. g6 Rc4 65. Kg5) 60... Kg7 61. Rf5 {White mates.} Rc6 62. h5 Ra6 63. Rb5 Ra7 64. h6+ Kh7 65. Kh5 Ra1 66. Rb7+ Kg8 67. g5 Ra5 68. Re7 Rb5 69. Kg4 Rb1 70. g6 {[%cal Re7e8]} Rg1+ 71. Kf5 {[%cal Re7e8]} Rf1+ 72. Ke6 Re1+ 73. Kd7 Rd1+ 74. Kc6 {[%cal Re7e8]} Rc1+ 75. Kd6 {[%cal Re7e8]} Rd1+ 76. Kc7 {[%cal Re7e8]} Rc1+ 77. Kd8 {[%cal Re7e8]} Rd1+ 78. Rd7 Rg1 79. Rd6 Rh1 80. g7 Rg1 81. Rf6 Rd1+ 82. Kc7 Rc1+ 83. Kd6 Rd1+ 84. Ke5 Re1+ 85. Kf4 Rf1+ {[#]} 86. Kg5 $1 Rg1+ 87. Kh4 Kh7 88. Rf8 Rh1+ 89. Kg3 {Accuracy: White = 72%, Black = 50%.} 1-0

[Event "GCT Saint Louis Rapid 2019"]
[Site "Saint Louis"]
[Date "2019.08.12"]
[Round "8.3"]
[White "Yu, Yangyi"]
[Black "Caruana, Fabiano"]
[Result "1-0"]
[WhiteElo "2736"]
[BlackElo "2819"]
[Annotator "TA"]
[PlyCount "65"]
[EventDate "2019.08.10"]
[EventType "tourn"]
[EventCountry "USA"]
[SourceTitle "playchess.com"]
[Source "ChessBase"]
[SourceQuality "1"]

{[%evp 9,65,-6,0,0,3,-12,0,-2,0,-30,-12,-25,-25,-20,-14,-14,-14,-17,-16,-22,-31,-9,-14,-15,-10,-36,-28,-38,-37,-50,-24,-41,-15,-73,-37,-41,-38,-147,-157,-279,-120,-95,0,-15,162,170,156,130,610,623,947,937,876,915,925,918,906,681]} 1. e4 c5 2. d3 Nc6 3. f4 g6 4. Nf3 Bg7 5. Be2 Nf6 6. O-O {B21: Sicilian: 2 f4 and Morra Gambit} O-O 7. Qe1 d5 8. e5 {The position is equal.} Ne8 9. Be3 $146 ({Predecessor:} 9. c4 Nb4 10. Na3 Bf5 11. Qd1 Nc7 12. Be3 d4 13. Bc1 {0-1 (32) Biti,O (2376)-Kovacevic,A (2573) Pula 2010}) 9... d4 10. Bd2 f6 11. Na3 Nc7 12. Nc4 Be6 13. Na5 Nxa5 14. Bxa5 Qd7 15. Bd2 b5 16. Qg3 a5 17. h4 Nd5 18. Rae1 Kh8 19. Bd1 Rg8 20. Nh2 Bf5 21. Bg4 (21. h5 $11 {keeps the balance.}) 21... Nb4 22. e6 Qd6 {And now ...Bxg4 would win.} 23. Bxb4 (23. h5 $15) 23... axb4 $17 24. h5 (24. Bxf5 $17 {was called for.} gxf5 25. Qh3) 24... Bxg4 (24... Rxa2 $19 {has better winning chances.} 25. Qh3 Rxb2) 25. Qxg4 f5 ({Not} 25... Rxa2 26. hxg6 Bh6 27. Qh3 $16) ({Better is} 25... Bh6 $17 26. hxg6 Rxg6) 26. Qh3 $11 {[#] aiming for hxg6.} gxh5 $2 (26... Bh6 $1 $11 27. hxg6 Rxg6 28. Qxf5 Rf8 29. Qe5+ Qxe5 30. Rxe5 Bxf4) 27. Qxh5 $18 Qd5 28. g4 {Nf3 is the strong threat.} Ra6 $2 {[%mdl 8192]} (28... Bf8 $16) 29. Nf3 {White wants to mate with Ng5.White is clearly winning.} Bf6 30. Kf2 {[#] Intending Rh1 and mate.} Rxe6 31. Rh1 {[%csl Gh1][%cal Rh5h7]} Kg7 32. g5 Re3 33. gxf6+ {Accuracy: White = 55%, Black = 43%.} 1-0

[Event "GCT Saint Louis Rapid 2019"]
[Site "Saint Louis"]
[Date "2019.08.12"]
[Round "8.4"]
[White "Vachier-Lagrave, Maxime"]
[Black "Dominguez Perez, Leinier"]
[Result "1-0"]
[WhiteElo "2775"]
[BlackElo "2760"]
[Annotator "TA"]
[PlyCount "69"]
[EventDate "2019.08.10"]
[EventType "tourn"]
[EventCountry "USA"]
[SourceTitle "playchess.com"]
[Source "ChessBase"]
[SourceQuality "1"]

{[%evp 21,87,16,27,-15,20,21,25,25,38,45,45,45,62,51,51,41,43,32,18,14,104,102,98,98,110,110,108,115,122,114,290,303,304,305,305,305,310,303,329,329,329,329,320,304,487,480,541,498,531,493,530,527,506,505,642,519,850,852,825,797,1372,1267,2584,2480,4133,4133,2011,1726]} 1. e4 e5 2. Nf3 Nc6 3. Bb5 Nf6 4. O-O Nxe4 5. d4 Nd6 6. Bxc6 dxc6 7. dxe5 Nf5 8. Qxd8+ Kxd8 9. h3 h6 10. Rd1+ Ke8 11. Nc3 Ne7 12. a4 {C67: Ruy Lopez: Berlin Defence: 4 0-0 Nxe4} (12. Bf4 Ng6 13. Bh2 Be7 14. Nd4 Nf8 15. a4 a5 16. Nce2 h5 17. e6 Nxe6 18. Nxe6 Bxe6 19. Bxc7 Bd8 {½-½ (40) Karjakin,S (2773)-Grischuk,A (2766) Saint Louis 2018}) 12... Ng6 $146 ({Predecessor:} 12... Bf5 13. Nd4 Bh7 14. Bf4 g5 15. Bh2 Rd8 16. g4 a6 17. b4 Bg6 18. f4 gxf4 19. Bxf4 h5 {½-½ (48) Bernal B,N (1921)-Parrilla,A (1744) IECG email 2002}) 13. a5 Be7 14. Be3 {White has an edge.} Nf8 15. Nd4 Bd7 16. f4 h5 17. f5 $36 {[%mdl 2048] White has the initiative.} h4 18. Rf1 Rh5 $1 19. a6 b6 20. Rae1 c5 (20... g6 $1 $11 {keeps the balance.}) 21. Ndb5 $16 Bd8 {[#]} 22. e6 $1 {[%cal Re6d7]} fxe6 {[#]} 23. Bf4 $1 {[%cal Rf4c7]} Rxf5 24. Bxc7 Rxf1+ 25. Rxf1 {Intending Nd6+ and mate.} Be7 $2 {[#]} (25... Bxb5 $16 {was necessary.} 26. Nxb5 c4) 26. Bxb6 $1 $18 {[%mdl 512] Threatens to win with Nc7+.} Bxb5 (26... axb6 27. Nc7+) 27. Nxb5 {And now Nc7+ would win.} Rb8 28. Nc7+ Kd7 29. Bxa7 Kxc7 30. Bxb8+ Kxb8 31. Rf7 {[%mdl 64] Double Attack} Bd6 32. Rxg7 e5 $2 (32... Be5 {keeps fighting.} 33. Rb7+ Ka8) 33. Kf2 {White is clearly winning.} c4 34. Rg4 Bc5+ 35. Kf3 {Played: Kf2-f1} 1-0

[Event "GCT Saint Louis Rapid 2019"]
[Site "Saint Louis"]
[Date "2019.08.12"]
[Round "8.5"]
[White "Mamedyarov, Shakhriyar"]
[Black "Ding, Liren"]
[Result "1/2-1/2"]
[WhiteElo "2765"]
[BlackElo "2812"]
[Annotator "TA"]
[PlyCount "89"]
[EventDate "2019.08.10"]
[EventType "tourn"]
[EventCountry "USA"]
[SourceTitle "playchess.com"]
[Source "ChessBase"]
[SourceQuality "1"]

{[%evp 23,89,12,31,0,0,0,0,-14,-18,-18,-18,-18,-18,-16,-14,-32,0,0,0,-18,-30,-23,-17,-26,-20,-25,0,-19,-4,-10,-11,-7,-8,-12,-8,-10,0,-7,-8,-11,-4,-6,0,0,0,-15,22,29,21,14,21,10,11,8,8,7,66,66,66,66,66,62,62,62,62,52,99,99]} 1. d4 d5 2. c4 e6 3. Nc3 c6 4. e3 Nf6 5. Nf3 Nbd7 6. Qc2 Bd6 7. Bd3 O-O 8. O-O e5 9. cxd5 cxd5 10. e4 exd4 11. Nxd5 Nxd5 12. exd5 h6 13. Bh7+ {D46: Semi-Slav: 5 e3 Nbd7 6 Bd3, Black avoids the Meran} (13. Nxd4 Qh4 14. Nf3 Qh5 15. Bh7+ Kh8 16. Qf5 Qxf5 17. Bxf5 Nf6 18. Bd3 Nxd5 19. Rd1 Bc5 20. Bc4 Nb6 21. Bb3 {½-½ (44) Leko,P (2679)-Duda,J (2738) Germany 2019}) 13... Kh8 14. Bf5 Qf6 15. Rd1 {The position is equal.} Nb6 {[%cal Bd7b6,Bb6c4,Bc4b2][%mdl 32]} 16. Bxc8 Raxc8 17. Qe4 Bc5 $146 ({Predecessor:} 17... Rfe8 18. Qxd4 Qxd4 19. Nxd4 Rc5 20. Nf3 Rc2 21. Nd4 {½-½ (21) Vigus,J (2260)-Naylor,J (2265) Hampstead 1998}) 18. Bf4 Nc4 {White must now prevent ...Rfe8.} 19. Bg3 Rfe8 20. Qg4 Nxb2 {[#]} 21. Be5 $1 {[%mdl 512]} Qg6 (21... Rxe5 22. Qxc8+) 22. Qxg6 fxg6 23. Rdb1 Nc4 24. Bxd4 Nd6 25. h3 Re4 26. Rd1 Bxd4 27. Nxd4 Rc4 28. Ne6 b5 29. Re1 a5 30. Rxe4 Nxe4 $11 {[%mdl 4096] Endgame KRN-KRN} 31. Re1 b4 32. Nf8 Kg8 33. Nxg6 {Ne5 is the strong threat.} Nc3 34. Ne5 Rd4 35. Nc6 $1 {[%csl LRa5,LRd4]} Rd2 36. Nxa5 Nxd5 37. Re8+ Kf7 38. Rd8 Ke6 39. Nc4 Rc2 (39... Ke7 $11 40. Rd6 (40. Nxd2 Kxd8 41. Kf1 Nc3 $14) 40... Rd1+ 41. Kh2 Nc3) 40. Rd6+ $14 Ke7 41. Rxd5 {[#] Hoping for Ne3.} Rxc4 42. Rd2 Rc1+ 43. Kh2 Rb1 44. g4 b3 45. axb3 {Accuracy: White = 65%, Black = 47%.} 1/2-1/2

[Event "GCT Saint Louis Rapid 2019"]
[Site "Saint Louis"]
[Date "2019.08.12"]
[Round "9.1"]
[White "Caruana, Fabiano"]
[Black "Vachier-Lagrave, Maxime"]
[Result "0-1"]
[WhiteElo "2819"]
[BlackElo "2775"]
[Annotator "RC"]
[PlyCount "74"]
[EventDate "2019.08.10"]
[EventType "tourn"]
[EventCountry "USA"]
[SourceTitle "playchess.com"]
[Source "ChessBase"]
[SourceQuality "1"]
[TimeMode "Bronstein"]
[TimeControl "1500+10"]

1. d4 {[%emt 0:00:00]} Nf6 {[%emt 0:00:00]} 2. c4 {[%emt 0:00:00]} g6 {[%emt 0:00:00]} 3. g3 {[%emt 0:00:00]} c6 {[%emt 0:00:00]} 4. Bg2 {[%emt 0:00:00]} d5 {[%emt 0:00:00]} 5. Nf3 {[%emt 0:00:00]} Bg7 {[%emt 0:00:00]} 6. O-O {[%emt 0:00:00]} O-O {[%emt 0:00:00]} 7. Nbd2 {[%emt 0:00:00]} a5 {[%emt 0:00:39]} 8. b3 {[%emt 0:00:00]} a4 {[%emt 0:00:10]} 9. Ba3 {[%emt 0:00:00]} Re8 {[%emt 0:00:10]} 10. e3 {[%emt 0:00:00]} Bf5 {[%emt 0:00:10]} 11. Qe2 {[%emt 0:00:00]} Nbd7 {[%emt 0:00:10]} 12. cxd5 {[%emt 0:01:03]} Nxd5 {[%emt 0:00:57]} 13. e4 {[%emt 0:03:47]} Nc3 {[%emt 0:00:10]} 14. Qd3 {[%emt 0:00:10]} Nb5 {[%emt 0:00:10]} 15. exf5 {[%emt 0:00:10]} Nxa3 {[%emt 0:00:10]} 16. bxa4 {[%emt 0:00:10]} Rxa4 {[%emt 0:00:10]} 17. Qb3 {[%emt 0:00:13]} Ra7 {[%emt 0:00:58]} 18. Ng5 {[%emt 0:02:20]} Rf8 {[%emt 0:00:10]} 19. Be4 {[%emt 0:02:07]} Qb6 {[%emt 0:02:56]} 20. fxg6 {[%emt 0:00:59]} hxg6 {[%emt 0:00:10]} 21. Qf3 {[%emt 0:01:07]} Qxd4 {[%emt 0:03:56]} 22. Rad1 {[%emt 0:00:15]} Nf6 {[%emt 0:00:10]} 23. Nb3 {[%emt 0:01:46]} Qe5 {[%emt 0:00:30]} 24. h4 {[%emt 0:00:10]} Nxe4 {[%emt 0:00:25]} 25. Nxe4 {[%emt 0:00:10]} Nb5 {[%emt 0:00:40]} 26. Nec5 {[%emt 0:00:53]} Nc3 {[%emt 0:02:38]} 27. Rd3 {[%emt 0:00:28]} Re8 {[%emt 0:01:48]} 28. Kg2 {[%emt 0:02:16]} Nd5 {[%emt 0:01:15]} 29. Rd2 {[%emt 0:00:42]} b6 {[%emt 0:00:10]} 30. Ne4 {[%emt 0:00:15]} Qf5 {[%emt 0:00:35]} 31. Qe2 {[%emt 0:01:37]} Rea8 {[%emt 0:00:55]} 32. Ng5 {[%emt 0:00:21]} Ra4 {[%emt 0:00:29]} 33. Rh1 {[%emt 0:00:18]} e6 {[%emt 0:00:33]} 34. Nc1 {[%emt 0:00:32]} c5 {[%emt 0:00:32]} 35. Qb5 {[%emt 0:00:17]} Rd4 {[%emt 0:00:32]} 36. Nb3 {[%emt 0:01:07]} Nf4+ {[%emt 0:01:30]} 37. Kh2 {[%emt 0:01:28]} Qd5 {[%emt 0:00:12]} 0-1

[Event "GCT Saint Louis Rapid 2019"]
[Site "Saint Louis"]
[Date "2019.08.12"]
[Round "9.2"]
[White "Aronian, Levon"]
[Black "Yu, Yangyi"]
[Result "1/2-1/2"]
[WhiteElo "2756"]
[BlackElo "2736"]
[Annotator "TA"]
[PlyCount "39"]
[EventDate "2019.08.10"]
[EventType "tourn"]
[EventCountry "USA"]
[SourceTitle "playchess.com"]
[Source "ChessBase"]
[SourceQuality "1"]

{[%evp 9,39,24,37,14,16,7,16,-2,7,0,3,-19,-15,-31,0,-2,9,8,5,10,12,5,13,17,8,8,14,7,13,5,24,13]} 1. c4 c6 2. Nf3 d5 3. e3 Nf6 4. d4 g6 5. Nbd2 (5. Nc3 Bg7 6. Be2 O-O 7. O-O dxc4 8. Bxc4 Bg4 9. Be2 Nbd7 10. h3 Bxf3 11. Bxf3 e5 12. d5 cxd5 13. Bxd5 Nc5 14. Bc4 e4 15. Qe2 Qe7 16. b3 Nd3 17. a4 Nxc1 18. Raxc1 {½-½ (46) Aronian,L (2756)-Yu,Y (2736) Riga 2019}) 5... a5 6. cxd5 $146 {D70: Grünfeld: Unusual White 3rd moves (met by ...d5)} ({Predecessor:} 6. b3 Bg7 7. Bb2 O-O 8. Be2 Bf5 9. O-O Ne4 10. Nxe4 Bxe4 11. Nd2 Bf5 12. a3 Nd7 {0-1 (48) Nisipeanu,L (2689)-Sasikiran,K (2669) Tromsoe 2014}) 6... cxd5 7. Ne5 Bg7 8. Bb5+ {The position is equal.} Nbd7 {[%cal Bb8d7,Bd7b6,Bb6c4][%mdl 32]} 9. O-O O-O 10. Ndf3 Ne4 11. Be2 a4 12. Nd3 Nb6 13. Bd2 Nxd2 14. Qxd2 Qd6 15. Rfc1 Nc4 16. Qb4 Bf5 17. Qxd6 Nxd6 18. Nb4 e6 19. h3 Rfc8 20. Ne5 {Accuracy: White = 59%, Black = 53%.} 1/2-1/2